Tokoh peribadi : penyayang :

Bibliographic Details
Main Author: Mirna
Format: Book
Published: Selangor : Synergy , [s.n]
Series:Siri kisah pilihan para nabi
Subjects:

MARC

LEADER 00000cam a2200000 7i4500
001 0000035863
005 20151222.0
008 130522
020 |a 9673718801 
090 0 0 |a REG   |b MAL 
100 0 |a Mirna 
245 1 0 |a Tokoh peribadi :   |b penyayang :   |b Nabi Muhammad SAW   |c Kak Mirna & Kak Wafaan 
260 |a Selangor :   |b Synergy ,   |c [s.n] 
440 |a Siri kisah pilihan para nabi 
500 |a Children ages 7-9 years old (orange) 
650 0 |a Religious Life   |x Islam 
999 |a 0001199338   |b Book   |c Children Collection   |e Cawangan Pontian 
999 |a 0001199730   |b Book   |c Children Collection   |e Cawangan Tmn. Ungku Tun Aminah 
999 |a 0001199775   |b Book   |c Adult Collection   |e Cawangan Segamat 
999 |a 0001199779   |b Book   |c Adult Collection   |e Cawangan Bandar Tenggara 
999 |a 0001199782   |b Book   |c Children Collection   |e Cawangan Bandar Penawar 
999 |a 0001199783   |b Book   |c Adult Collection   |e Cawangan Bukit Gambir 
999 |a 0001199785   |b Book   |c Children Collection   |e Perbadanan Perpustakaan Awam Johor